Missing Word: Best Adapted Screenplay (A-Z) Quiz Stats

 Plays Quiz Updated Sep 12, 2015

Score 0/23 Timer 02:00
0 Plays Today
Film (Year) Word % Correct
Schindler's ____ (1993)List
98.1%
Brokeback ____ (2005) Mountain
97.8%
No Country for ____ Men (2007)Old
96.9%
A ____ Mind (2001)Beautiful
96.2%
The ____ Connection (1971)French
94.1%
____ vs. ____ (1979)Kramer
94%
12 ____ a Slave (2013)Years
94%
In the ____ of the Night (1967)Heat
93.6%
Dances with ____ (1990)Wolves
93.4%
A Room with a ____ (1986)View
93.2%
The Social ____ (2010)Network
93.2%
From Here to ____ (1953)Eternity
91.2%
Film (Year) Word % Correct
Sense and ____ (1995)Sensibility
90.5%
Out of ____ (1985)Africa
90%
The Cider House ____ (1999)Rules
89.8%
____ Liaisons (1988)Dangerous
88.7%
Doctor ____ (1965)Zhivago
80.1%
All the ____ Men (1976)President's
76.6%
Midnight ____ (1969)Cowboy
73.8%
The ____ of the Sierra Madre (1948)Treasure
65.9%
____ and Monsters (1998)Gods
56.6%
____ at Nuremberg (1961)Judgment
52.2%
The ____ Game (2014)Imitation
49.8%

Today's Daily Dose

Missing Word
Directed by Peter

Word Ladder
Blink-182

Quick Pick
Eagles Songs

Get the Picture
NFC West Profiles

You're not logged in!

Compare scores with friends on all Sporcle quizzes.
OR
Log In

Show Comments

Extras

Top Quizzes Today


Score Distribution

Your Account Isn't Verified!

In order to create a playlist on Sporcle, you need to verify the email address you used during registration. Go to your Sporcle Settings to finish the process.

Report this User

Report this user for behavior that violates our Community Guidelines.

Details: